000
00223nam a22000857a 4500
008
160706b xxu||||| |||| 00| 0 eng d
100
_9
2352
_a
Wadia, M.J
245
_a
We Indians
260
_a
New Delhi
_b
National Book Trust
_c
1984
999
_c
2029
_d
2029